<?xml version="1.0" encoding="UTF-8"?>
<record
    xmlns:xsi="http://www.w3.org/2001/XMLSchema-instance"
    xsi:schemaLocation="http://www.loc.gov/MARC21/slim http://www.loc.gov/standards/marcxml/schema/MARC21slim.xsd"
    xmlns="http://www.loc.gov/MARC21/slim">

  <leader>03953nam a2200325 a 4500</leader>
  <controlfield tag="003">OSt</controlfield>
  <controlfield tag="005">20250822112835.0</controlfield>
  <controlfield tag="007">cr ||||||a|a|a</controlfield>
  <controlfield tag="008">250627s2025    mx a|||fom||| 001 0 spa d</controlfield>
  <datafield tag="040" ind1=" " ind2=" ">
    <subfield code="e">rda</subfield>
  </datafield>
  <datafield tag="100" ind1="1" ind2=" ">
    <subfield code="a">Diaz Lopez, Jesus Eduardo</subfield>
    <subfield code="9">190849</subfield>
  </datafield>
  <datafield tag="245" ind1="1" ind2="0">
    <subfield code="a">Efecto de diferentes concentraciones de hidrocarburos del petr&#xF3;leo en Tabebuia rosea y Haematoxylum campechianum en suelo contaminado en Tabasco/</subfield>
    <subfield code="c">por D&#xED;az L&#xF3;pez Jes&#xFA;s Eduardo y Jos&#xE9; Antonio Utrera Zu&#xF1;iga; director de tesis Jos&#xE9; Guadalupe Chan Quijano; secretario Jes&#xFA;s Manuel Cabrera Delgado; vocal Adolfo Palma Trujano; suplente Carlos Javier Escudero Santiago; suplente Rigoberto Vargas Carballo.</subfield>
  </datafield>
  <datafield tag="264" ind1=" " ind2="1">
    <subfield code="a">Chapingo, M&#xE9;xico :</subfield>
    <subfield code="b">El autor,</subfield>
    <subfield code="c">2024.</subfield>
  </datafield>
  <datafield tag="300" ind1=" " ind2=" ">
    <subfield code="a">1 recurso en l&#xED;nea (58 p&#xE1;ginas):</subfield>
    <subfield code="b">cuadros, figuras.</subfield>
  </datafield>
  <datafield tag="336" ind1=" " ind2=" ">
    <subfield code="2">rdacontent</subfield>
    <subfield code="a">texto</subfield>
    <subfield code="b">txt</subfield>
  </datafield>
  <datafield tag="337" ind1=" " ind2=" ">
    <subfield code="2">rdamedia</subfield>
    <subfield code="a">computadora</subfield>
    <subfield code="b">c</subfield>
  </datafield>
  <datafield tag="338" ind1=" " ind2=" ">
    <subfield code="2">rdacarrier</subfield>
    <subfield code="a">recurso en l&#xED;nea</subfield>
    <subfield code="b">cr</subfield>
  </datafield>
  <datafield tag="502" ind1=" " ind2=" ">
    <subfield code="b">IF</subfield>
    <subfield code="c">DICIFO</subfield>
    <subfield code="d">2024.</subfield>
    <subfield code="g">LIC</subfield>
  </datafield>
  <datafield tag="504" ind1=" " ind2=" ">
    <subfield code="a">Incluye referencias bibliogr&#xE1;ficas: p&#xE1;ginas 34-41.</subfield>
  </datafield>
  <datafield tag="520" ind1=" " ind2=" ">
    <subfield code="a">La zona sur de la rep&#xFA;blica mexicana es la m&#xE1;s afectada por los suelos contaminados de petr&#xF3;leo; ya que ah&#xED; se encuentra la principal fuente de extracci&#xF3;n de este combustible f&#xF3;sil en nuestro pa&#xED;s. El estado de Tabasco ha sido afectado por los derrames de petr&#xF3;leo desde hace 50 a&#xF1;os. Como parte de disminuci&#xF3;n de esta contaminaci&#xF3;n exponencial se han desarrollado diferentes t&#xE9;cnicas biol&#xF3;gicas capaces de reducir estos combustibles f&#xF3;siles, entre la m&#xE1;s destacada se encuentran la biorremediaci&#xF3;n y la fitorremediaci&#xF3;n. Dentro de la fitorremediaci&#xF3;n se aplican las plantas que juegan un papel muy importante, adem&#xE1;s, quien favorece en este proceso es el sistema radicular de las plantas que ayuda a todo el sistema vegetativo a sustentarse y permite la absorci&#xF3;n de nutrientes para su crecimiento y desarrollo. Asimismo, favorece la proliferaci&#xF3;n y metabolismo de los microorganismos en el suelo. Sin embargo, cuando las ra&#xED;ces est&#xE1;n en contacto con un contaminante, en este caso los hidrocarburos de petr&#xF3;leo entran en un estado de estr&#xE9;s y buscan aclimatarse a este nuevo ambiente contaminado. El objetivo del presente trabajo fue evaluar el efecto que tendr&#xED;an las ra&#xED;ces de Tabebuia rosea y Haematoxylum campechianum en un suelo contaminado. Para ello se estableci&#xF3; un experimento en un vivero con macetas cil&#xED;ndricas de 3.4 dm3 a las que se colocaron cuatro tratamientos que conten&#xED;an las siguientes concentraciones: control (suelo sin contaminar), concentraci&#xF3;n baja (15, 170 mg kg-1), concentraci&#xF3;n media (15, 300 mg kg-1) y concentraci&#xF3;n alta (15, 600 mg kg-1). Para cada tratamiento se utilizaron 10 plantas por especie, es decir, 40 plantas de Tabebuia rosea y 40 plantas de Haematoxylum campechianum. Por otro lado, se midi&#xF3; la longitud de la ra&#xED;z (mm) durante el trasplante, al inicio (0 d&#xED;as) y al final del experimento (292 d&#xED;as) y se registr&#xF3; el desarrollo del di&#xE1;metro del tallo, as&#xED; como el desarrollo del di&#xE1;metro de la ra&#xED;z. En t&#xE9;rminos generales las dos especies tuvieron una afectaci&#xF3;n en sus di&#xE1;metros y en el crecimiento al ser sometidas a altos y medianos niveles de hidrocarburos de petr&#xF3;leo, sin embargo, esto no afect&#xF3; considerablemente el desarrollo del tallo, as&#xED; como el crecimiento de las ra&#xED;ces.</subfield>
  </datafield>
  <datafield tag="650" ind1=" " ind2="4">
    <subfield code="a">Suelos</subfield>
    <subfield code="x">Contaminaci&#xF3;n</subfield>
    <subfield code="9">110327</subfield>
  </datafield>
  <datafield tag="650" ind1=" " ind2="4">
    <subfield code="a">Fitorremediaci&#xF3;n</subfield>
    <subfield code="9">124952</subfield>
  </datafield>
  <datafield tag="700" ind1="1" ind2=" ">
    <subfield code="a">Chan Quijano, Jos&#xE9; Guadalupe</subfield>
    <subfield code="9">191029</subfield>
    <subfield code="e">director.</subfield>
  </datafield>
  <datafield tag="700" ind1="1" ind2=" ">
    <subfield code="a">Cabrera Delgado, Jes&#xFA;s Manuel</subfield>
    <subfield code="9">16657</subfield>
    <subfield code="e">secretario.</subfield>
  </datafield>
  <datafield tag="700" ind1="1" ind2=" ">
    <subfield code="a">Cabrera Delgado, Jes&#xFA;s Manuel</subfield>
    <subfield code="9">16657</subfield>
    <subfield code="e">vocal.</subfield>
  </datafield>
  <datafield tag="700" ind1="1" ind2=" ">
    <subfield code="a">Escudero Santiago, Carlos Javier</subfield>
    <subfield code="9">191030</subfield>
    <subfield code="e">suplente.</subfield>
  </datafield>
  <datafield tag="700" ind1="1" ind2=" ">
    <subfield code="a">Vargas Carballo, Rigoberto</subfield>
    <subfield code="e">suplente.</subfield>
    <subfield code="9">117985</subfield>
  </datafield>
  <datafield tag="856" ind1=" " ind2=" ">
    <subfield code="u">http://10.13.5.2/tesis/tl/15106154-4_Y_1512624-2_DIAZ_LOPEZ_JESUSEDUARDO_Y_UTRERA_ZU%c3%91IGA_JOSEANTONIO.pdf</subfield>
    <subfield code="z">DESCARGAR PDF</subfield>
  </datafield>
  <datafield tag="942" ind1=" " ind2=" ">
    <subfield code="2">Clasificaci&#xF3;n Universidad Aut&#xF3;noma Chapingo</subfield>
    <subfield code="c">TD</subfield>
  </datafield>
  <datafield tag="999" ind1=" " ind2=" ">
    <subfield code="c">220701</subfield>
    <subfield code="d">220701</subfield>
  </datafield>
  <datafield tag="952" ind1=" " ind2=" ">
    <subfield code="0">0</subfield>
    <subfield code="1">0</subfield>
    <subfield code="2">local</subfield>
    <subfield code="4">0</subfield>
    <subfield code="7">0</subfield>
    <subfield code="8">TesDigL</subfield>
    <subfield code="a">BD</subfield>
    <subfield code="b">BD</subfield>
    <subfield code="c">E_L</subfield>
    <subfield code="d">2025-08-14</subfield>
    <subfield code="l">0</subfield>
    <subfield code="o">Tesis digital</subfield>
    <subfield code="r">2025-08-14 12:54:28</subfield>
    <subfield code="w">2025-08-14</subfield>
    <subfield code="y">TD</subfield>
  </datafield>
</record>
